=LDR 00000nam 2200000 4500 =001 INLIS000000000042362 =005 20150124133848.0 =006 =007 =008 ind =035 ##$$0010-101300000000284 =041 ##$$a ind =082 ##$$a 618.926 1 =090 ##$$a 618. 926 1, Kom k =245 ##$$a Kompendium nefrologi anak, Penyunting, Mohammad syaifullah noer =260 ##$$a 2011 $b Jakarta =300 ##$$a Xvi,276 hlm, 24 cm =650 ##$$a NETROLOGI ANAK =700 ##$$a Muhammad Syaifullah Noer =850 ##$$a NBPNMAT =990 ##$$a 0001/BPAP-NTB/2016